00333nam a2200121Ia 4500008004100000041000800041082001400049100002000063245004500083260003900128300003200167365001200199240624s9999 xx 000 0 und d aeng a658.4 KHO aKHOLEIF AHMED O aENTERPRISE RESOURCE PLANNING IMPLEMENTAT c2008aNew YorkbPalgrave Macmillan axvii, : 314 : p. : cm. ; 22 cERUb50